Aproximación a una evaluación del impacto ambiental de las explotaciones de palma naidi (Euterpe cuatrecasana, Dugand) en los ríos Patía y Mira, Departamento de Nariño (Registro nro. 954)

Detalles MARC
000 -CABECERA
Campo de control 00708nam a2200205 a 4500
005 - FECHA Y HORA DE LA ULTIMA TRANSACCION
Campo de control 20151217041533.0
008 - ELEMENTOS DE LONGITUD FIJA—INFORMACION GENERAL
Campo de control 140224b1997 ck ||||| |||| 00| 0 spa d
040 ## - FUENTE DE CATALOGACIÓN
Agencia catalogadora original CO-BoIAVH
Agencia transcriptora CO-BoIAVH
041 ## - IDIOMA
Código de idioma para texto/pista de sonido o título separado Español
044 ## - PAÍS DE PUBLICACIÓN
País de publicación Colombia
090 ## - CLASIFICACIÓN LOCAL
Colección LB
Consecutivo 00942
100 ## - ASIENTO PRINCIPAL--NOMBRE PERSONAL
Nombre personal Bravo Díaz, Jaime Miguel
245 ## - MENCION DE TITULO
Título Aproximación a una evaluación del impacto ambiental de las explotaciones de palma naidi (Euterpe cuatrecasana, Dugand) en los ríos Patía y Mira, Departamento de Nariño
260 ## - PUBLICACION, DISTRIBUCION, ETC. (PIE DE IMPRENTA)
Lugar de publicación, distribución, etc. Tumaco (Nariño)
Nombre del editor, distribuidor, etc. Proyecto Biopacífico
Fecha de publicación, distribución, etc. 1997
300 ## - DESCRIPCION FISICA
Extensión 25 p.
650 ## - ASIENTO SECUNDARIO DE MATERIA - TERMINO TEMATICO
Término temático o nombre geográfico como elemento de entrada Impacto ambiental
650 ## - ASIENTO SECUNDARIO DE MATERIA - TERMINO TEMATICO
Término temático o nombre geográfico como elemento de entrada Palmas de naidi
650 ## - ASIENTO SECUNDARIO DE MATERIA - TERMINO TEMATICO
Término temático o nombre geográfico como elemento de entrada Euterpe cuatrecasana
942 ## - ELEMENTOS ADICIONALES (KOHA)
Tipo de ítem Informe Técnico
Sistema de clasificación Local
Existencias
Withdrawn status Lost status Sistema de Clasificación Damaged status No para préstamo Colección Inventariado Ubicación Permanente Ubicación actual Fecha de adquisición Total Checkouts Número topográfico Inventario / Código de Barras Date last seen Ejemplar Price effective from Forma de adquisición Tipo de material
    Local     General Inventariado 2017 Bogotá Bogotá 13/01/1999   LB-00942 001324 04/12/2012 Ej. 1 04/12/2012   Informe Técnico